000
00279nam a2200121Ia 4500
005
20251222143151.0
008
251222s9999||||xx |||||||||||||| ||spa||
082
_a
530/A88
100
_a
Aucallanchi Velásquez, Félix
245
0
_a
Física
264
_b
San Marcos
942
_c
LIB
999
_c
12699
_d
12699